000 00529 a2200133 4500
082 _aMS-CSE-1
100 _aS. M. Ahsan Raza Kazmi
_998944
245 _aAnalysis of capacity and delays in Fi-Wi access networks
_cS. M. Ahsan Raza Kazmi
260 _aIslamabad
_bNUST-SEECS
_c2012
300 _aPages various
_b;ill.
_c;27cm.+
_eCD ROM
500 _aSupervisors: Dr. S. M. Hassan Zaidi, Dr. Usman Younis, Dr. Tauseef Tauqeer, M. Ramzan
856 _uhttp://10.250.8.41:8080/xmlui/handle/123456789/9604
942 _cPR
_kMS-CSE-1 AHS
_2ddc
999 _c11359
_d11359